Chicken Soup for the Soul Woman to Woman (Record no. 85205)

MARC details
000 -LEADER
fixed length control field 00633nam a2200205Ia 4500
008 - FIXED-LENGTH DATA ELEMENTS--GENERAL INFORMATION
fixed length control field 230125s9999 xx 000 0 und d
020 ## - INTERNATIONAL STANDARD BOOK NUMBER
International Standard Book Number 978-93-80658-30-8
041 ## - LANGUAGE CODE
Language code of text/sound track or separate title eng
082 ## - DEWEY DECIMAL CLASSIFICATION NUMBER
Classification number 823
Item number CAN/HAN
100 ## - MAIN ENTRY--PERSONAL NAME
Personal name Canfield J
245 ## - TITLE STATEMENT
Title Chicken Soup for the Soul Woman to Woman
260 ## - PUBLICATION, DISTRIBUTION, ETC. (IMPRINT)
Date of publication, distribution, etc. 2010
Name of publisher, distributor, etc. Westland Publications
Place of publication, distribution, etc. Mumbai
300 ## - PHYSICAL DESCRIPTION
Extent 382p
440 ## - SERIES STATEMENT/ADDED ENTRY--TITLE
Title Chicken Soup for the Soul Series Book
500 ## - GENERAL NOTE
Keywords English Literature;Literature;Series Book;Chicken Soup for the Soul Series Book
650 ## - SUBJECT ADDED ENTRY--TOPICAL TERM
Topical term or geographic name as entry element English Literature
700 ## - ADDED ENTRY--PERSONAL NAME
Personal name Canfield J & Hansen M V
9 (RLIN) 108370
906 ## - LOCAL DATA ELEMENT F, LDF (RLIN)
b 74
Holdings
Withdrawn status Lost status Damaged status Not for loan Home library Current library Date acquired Vendor Cost, normal purchase price Bill number Total Checkouts Full call number Barcode Date last seen Cost, replacement price Bill Date Koha item type Original Barcode
        Smt. Hiraben Nanavati Institute of Management & Research for Women Smt. Hiraben Nanavati Institute of Management & Research for Women 19/04/2012 Pritam Book Centre 295.00 7998   823 CAN/HAN B11308 HIMR-BK-11308 25/01/2023 221.00 06/04/2012 Books B11308